[Event "40th World Junior Girls"]
[Site "Gandhinagar IND"]
[Date "2024.06.02"]
[Round "1.24"]
[White "Tejaswini G"]
[Black "Sagar, Siya"]
[Result "1-0"]
[WhiteTitle "WIM"]
[WhiteElo "2059"]
[BlackElo "1732"]
[WhiteFideId "25749978"]
[BlackFideId "25098160"]
[EventDate "2024.06.02"]

1. d4 Nf6 2. c4 g6 3. Nc3 d5 4. Nf3 Bg7 5. e3 c5 6. dxc5 Qa5 7. Qa4+ Qxa4 8.
Nxa4 Nbd7 9. cxd5 Nxd5 10. Bc4 N5f6 11. Bd2 Ne4 12. Bb4 e6 13. Rc1 Ndf6 14. Nd4
Bd7 15. Nb5 Bxb5 16. Bxb5+ Nd7 17. c6 bxc6 18. Bxc6 Rc8 19. O-O Nf6 20. Rfd1 Rd8
21. Nc5 Bf8 22. Bc3 Ke7 23. Nxd7 Nxd7 24. Bxh8 f6 25. Rxd7+ 1-0

[Event "40th World Junior Girls"]
[Site "Gandhinagar IND"]
[Date "2024.06.02"]
[Round "1.25"]
[White "Yashvi Jain"]
[Black "Swara Lakshmi S Nair"]
[Result "1-0"]
[BlackTitle "WCM"]
[WhiteElo "1729"]
[BlackElo "2051"]
[WhiteFideId "25984446"]
[BlackFideId "25629239"]
[EventDate "2024.06.02"]

1. d4 Nf6 2. Bf4 g6 3. Nf3 Bg7 4. e3 O-O 5. Be2 c5 6. c3 d5 7. Nbd2 Nc6 8. O-O
Qb6 9. Qb3 Qa5 10. Ne5 c4 11. Qd1 Nd7 12. Nxc6 bxc6 13. Qc1 e5 14. Bg3 Re8 15.
Re1 Bb7 16. b4 cxb3 17. axb3 Qb6 18. b4 a5 19. bxa5 Rxa5 20. Rxa5 Qxa5 21. Qb2
Rb8 22. Ra1 Bc8 23. Qc1 Qd8 24. Nf3 Qe8 25. h3 Rb7 26. Ba6 Ra7 27. Bxc8 Rxa1 28.
Qxa1 Qxc8 29. Bxe5 Nxe5 30. Nxe5 Bxe5 31. dxe5 Qb7 32. Qa5 Qb1+ 33. Kh2 Qf5 34.
f4 Qe4 35. Qc5 g5 36. Qd4 Qf5 37. Kg3 h5 38. Kh2 g4 39. Qd1 Qe4 40. hxg4 Qxe3
41. Qf3 Qe1 42. Qg3 Qe2 43. gxh5+ Kh7 44. Qg5 Qe4 45. h6 Qg6 46. Qxg6+ Kxg6 47.
Kg3 Kxh6 48. c4 1-0

[Event "40th World Junior Girls"]
[Site "Gandhinagar IND"]
[Date "2024.06.02"]
[Round "1.26"]
[White "Anishka, Vikram"]
[Black "Deepak, Laksshana"]
[Result "1-0"]
[WhiteTitle "WCM"]
[BlackTitle "WCM"]
[WhiteElo "2048"]
[BlackElo "1727"]
[WhiteFideId "45013314"]
[BlackFideId "25980548"]
[EventDate "2024.06.02"]

1. d4 Nf6 2. c4 e6 3. Nc3 Bb4 4. e3 O-O 5. Bd3 b6 6. Nf3 d5 7. cxd5 exd5 8. Bd2
Re8 9. O-O Bd6 10. Nb5 c5 11. Nxd6 Qxd6 12. dxc5 bxc5 13. h3 Ba6 14. Bc3 Ne4 15.
Rc1 Bxd3 16. Qxd3 Na6 17. Rfd1 Rad8 18. Ba5 Rd7 19. b3 Rb8 20. Nd2 Nf6 21. Bc3
Qe6 22. Nf3 Ne4 23. Ne5 Re7 24. Ba1 Nb4 25. Qe2 f6 26. Nf3 Rd7 27. Ne1 Qb6 28.
f3 Ng5 29. Qf2 Re8 30. Nd3 Na6 31. Nf4 Nc7 32. Rd2 Rde7 33. Nxd5 Nxd5 34. Rxd5
Rxe3 35. Rdxc5 Rxf3 36. Qd4 Ne6 37. Qd5 Rg3 38. Bd4 Rg5 39. Rc8 Rxc8 40. Rxc8+
Kf7 41. Bxb6 Rxd5 42. Bxa7 Ra5 43. Be3 Rxa2 44. b4 Rb2 1-0

[Event "40th World Junior Girls"]
[Site "Gandhinagar IND"]
[Date "2024.06.02"]
[Round "1.27"]
[White "Arya G Mallar"]
[Black "Mrudul, Dehankar"]
[Result "1-0"]
[BlackTitle "WIM"]
[WhiteElo "1725"]
[BlackElo "2028"]
[WhiteFideId "25115324"]
[BlackFideId "25096990"]
[EventDate "2024.06.02"]

1. d4 Nf6 2. Bf4 e6 3. e3 b6 4. Nf3 Bb7 5. Nbd2 Be7 6. h3 d6 7. Bd3 c5 8. O-O
Nbd7 9. c3 O-O 10. e4 cxd4 11. cxd4 e5 12. Bh2 exd4 13. Nxd4 Nc5 14. Bc2 Ncxe4
15. Nxe4 Nxe4 16. Nf5 Bf6 17. Qg4 Re8 18. f3 Ng5 19. h4 Ne6 20. Nxd6 Ba6 21.
Nxe8 Bd4+ 22. Kh1 Qxe8 23. Rfe1 Bxb2 24. Rad1 1-0

[Event "40th World Junior Girls"]
[Site "Gandhinagar IND"]
[Date "2024.06.02"]
[Round "1.28"]
[White "Cassi, Elisa"]
[Black "Kirthika, B"]
[Result "1/2-1/2"]
[WhiteTitle "WFM"]
[WhiteElo "2028"]
[BlackElo "1724"]
[WhiteFideId "2817220"]
[BlackFideId "25981323"]
[EventDate "2024.06.02"]

1. e4 c5 2. Nf3 d6 3. Bb5+ Bd7 4. Bxd7+ Qxd7 5. c4 e5 6. Nc3 Nc6 7. d3 Be7 8. a3
Bd8 9. O-O Nge7 10. Ne1 Ng6 11. Nc2 O-O 12. b4 cxb4 13. axb4 f5 14. exf5 Qxf5
15. Ne3 Qd7 16. Ned5 Nf4 17. Bxf4 exf4 18. d4 f3 19. gxf3 Qh3 20. f4 Nxd4 21.
Qxd4 Qg4+ 22. Kh1 Qf3+ 23. Kg1 Qg4+ 1/2-1/2

[Event "40th World Junior Girls"]
[Site "Gandhinagar IND"]
[Date "2024.06.02"]
[Round "1.29"]
[White "Zarkym, Ailin"]
[Black "Striskova, Lucia"]
[Result "0-1"]
[WhiteElo "1721"]
[BlackElo "2023"]
[WhiteFideId "13753207"]
[BlackFideId "14960958"]
[EventDate "2024.06.02"]

1. e4 e5 2. Nf3 Nc6 3. Bc4 Nf6 4. d3 Bc5 5. O-O a6 6. c3 d6 7. Bb3 Ba7 8. Nbd2
O-O 9. h3 Nh5 10. d4 Nf4 11. Nc4 Qf6 12. Bxf4 Qxf4 13. Ne3 Ne7 14. Re1 Kh8 15.
Bc2 Be6 16. Qe2 Rae8 17. Rad1 Bc8 18. Nf1 Ng6 19. Ne3 Qh6 20. Nf5 Bxf5 21. exf5
Nf4 22. Qc4 d5 23. Qf1 e4 24. Ne5 Qg5 25. g4 Re7 26. Ba4 c6 27. f6 Qxf6 28. Re3
Rc7 29. f3 Re7 30. Kh1 Qg5 31. Rde1 Rxe5 32. dxe5 Bxe3 33. Rxe3 Nxh3 34. Re2 Nf4
35. Rh2 e3 36. Bc2 h6 37. Qe1 e2 38. a4 Qxe5 39. Bf5 Qe3 40. g5 Qxf3+ 41. Kg1 g6
42. Rxh6+ Kg7 0-1

[Event "40th World Junior Girls"]
[Site "Gandhinagar IND"]
[Date "2024.06.02"]
[Round "1.30"]
[White "Shohradova, Lala"]
[Black "Prasiddhi Bhat"]
[Result "1-0"]
[WhiteTitle "WFM"]
[WhiteElo "2000"]
[BlackElo "1715"]
[WhiteFideId "14004089"]
[BlackFideId "25602217"]
[EventDate "2024.06.02"]

1. d4 d5 2. c4 e6 3. Nc3 Nf6 4. Bg5 Nbd7 5. e3 Be7 6. cxd5 exd5 7. Bd3 b6 8.
Nge2 Bb7 9. O-O O-O 10. Rc1 Ne4 11. Bf4 c5 12. dxc5 Ndxc5 13. Bb1 f5 14. Nd4 Bf6
15. Ndb5 Ba6 16. b4 Qd7 17. bxc5 bxc5 18. Qa4 Bb7 19. Bxe4 fxe4 1-0

[Event "40th World Junior Girls"]
[Site "Gandhinagar IND"]
[Date "2024.06.02"]
[Round "1.31"]
[White "Drishtee Ghosh"]
[Black "Kheerthi, Ganta"]
[Result "1-0"]
[BlackTitle "WFM"]
[WhiteElo "1700"]
[BlackElo "1987"]
[WhiteFideId "25164074"]
[BlackFideId "25626280"]
[EventDate "2024.06.02"]

1. e4 c6 2. d4 d5 3. e5 Bf5 4. h4 h5 5. Bd3 Bxd3 6. Qxd3 Qa5+ 7. Nd2 e6 8. Nf3
c5 9. c4 dxc4 10. Qxc4 Nc6 11. O-O cxd4 12. Nb3 Qb4 13. Qd3 Rd8 14. Rd1 Nge7 15.
Bg5 Rd5 16. Nbxd4 Nxd4 17. Nxd4 Ng6 18. Qc2 Ne7 19. Nf3 Rc5 20. Qd3 Nd5 21. Nd4
Qb6 22. Rac1 Be7 23. Bxe7 Rxc1 24. Rxc1 Kxe7 25. Nb5 Qa6 26. Qc4 Qb6 27. Nc7 Rd8
28. Nxd5+ Rxd5 29. Qf4 Qxb2 30. Rc7+ Kd8 31. Rxf7 Qa1+ 32. Kh2 Qxe5 33. Qxe5
Rxe5 34. Rxb7 Ra5 35. Rxg7 Rxa2 36. Rg5 Rxf2 37. Rxh5 Ke8 38. Ra5 Rf7 39. g4 Re7
40. Kg3 e5 41. Kf3 Kf7 42. Ke4 Kg7 43. Rxe5 Rb7 44. Ra5 Kg6 45. Ra6+ Kg7 46. Kf5
Rb5+ 47. Ke6 Rb7 48. h5 Kh6 49. Kf5+ Kg7 50. Kg5 Rb5+ 51. Kh4 Rb7 52. h6+ Kh7
53. g5 Rb4+ 54. Kh5 Rb7 55. g6+ Kg8 56. Kg5 Rc7 57. Kf6 Rd7 58. Rc6 Rd8 59. h7+
Kh8 60. Kg5 a6 61. Kh6 1-0

[Event "40th World Junior Girls"]
[Site "Gandhinagar IND"]
[Date "2024.06.02"]
[Round "1.32"]
[White "Gunawardhana, Devindya Oshini"]
[Black "Natura, Bethi"]
[Result "1/2-1/2"]
[WhiteTitle "WFM"]
[WhiteElo "1980"]
[BlackElo "1697"]
[WhiteFideId "29941482"]
[BlackFideId "25048864"]
[EventDate "2024.06.02"]

1. e4 e6 2. d4 d5 3. Nc3 Nf6 4. Bg5 dxe4 5. Nxe4 Nbd7 6. Nf3 h6 7. Nxf6+ Nxf6 8.
Bxf6 Qxf6 9. Bd3 Bd6 10. Qe2 Bd7 11. Be4 c5 12. Rd1 Rb8 13. O-O Qe7 14. dxc5
Bxc5 15. Ne5 Bd6 16. Nxd7 Qxd7 17. Bd3 O-O 18. Qe4 f5 19. Qc4 Rbc8 20. Qb3 Kh8
21. h3 Rf6 22. Bb5 Qc7 23. Qd3 Rd8 24. Kh1 Qb6 25. Qb3 Bb8 26. Qc4 a6 27. Ba4
Kh7 28. Rxd8 Qxd8 29. Bb3 Qd6 30. f4 Rg6 31. Qe2 Qc6 32. c3 b5 33. Qd2 Qe4 34.
Rf3 Qb1+ 35. Kh2 Ba7 36. Bd1 Qxa2 37. Rd3 Qc4 38. Bh5 Rf6 39. Rd7 Qc5 40. Qd4
Qxd4 41. cxd4 Bb6 42. Kg3 a5 43. Kf2 a4 44. Ke3 b4 45. Bd1 a3 46. bxa3 bxa3 47.
Bb3 Rg6 48. Kf3 h5 49. Rd6 Ba7 50. Bxe6 Rf6 51. d5 Bc5 52. Ra6 h4 53. g3 hxg3
54. Kxg3 Rg6+ 55. Kf3 Rf6 56. Ke2 Kh6 57. Kd3 Kh5 1/2-1/2

[Event "40th World Junior Girls"]
[Site "Gandhinagar IND"]
[Date "2024.06.02"]
[Round "1.34"]
[White "Rindhiya, V"]
[Black "Kriti, Mayur Patel"]
[Result "1-0"]
[WhiteTitle "WFM"]
[BlackTitle "WCM"]
[WhiteElo "1965"]
[BlackElo "1691"]
[WhiteFideId "25040529"]
[BlackFideId "35061780"]
[EventDate "2024.06.02"]

1. e4 e5 2. Nf3 Nc6 3. Bb5 a6 4. Ba4 Nf6 5. O-O Nxe4 6. d4 b5 7. Bb3 d5 8. dxe5
Be6 9. c3 Be7 10. Nbd2 O-O 11. Re1 Nc5 12. Bc2 Bg4 13. h3 Bh5 14. Nf1 f6 15. g4
Bf7 16. Bf4 fxe5 17. Nxe5 Nxe5 18. Bxe5 Bd6 19. Ng3 Bxe5 20. Rxe5 c6 21. Nf5 Ne6
22. Qd3 Kh8 23. Nxg7 Bg6 24. Nxe6 Qf6 25. Qe3 Bxc2 26. Nxf8 Rxf8 27. Re8 Be4 28.
Rxf8+ Qxf8 29. f3 Bg6 30. Re1 Qf7 31. Qe5+ Kg8 32. Qe6 Kg7 33. Qxf7+ Kxf7 34.
Kf2 Kf6 35. f4 c5 36. Re5 Bf7 37. g5+ Kg6 38. Re7 d4 39. cxd4 cxd4 40. f5+ Kg7
41. Ke2 Kf8 42. Rxf7+ Kxf7 43. Kd3 Ke7 44. Kxd4 Kd6 45. g6 hxg6 46. fxg6 Ke6 47.
h4 Kf6 48. h5 Kg7 1-0

[Event "40th World Junior Girls"]
[Site "Gandhinagar IND"]
[Date "2024.06.02"]
[Round "1.35"]
[White "Modipalli Deekshitha"]
[Black "Nagyova, Daniela"]
[Result "1-0"]
[WhiteElo "1678"]
[BlackElo "1958"]
[WhiteFideId "33389454"]
[BlackFideId "390070"]
[EventDate "2024.06.02"]

1. d4 Nf6 2. c4 e6 3. Nc3 d5 4. cxd5 exd5 5. Bg5 Be7 6. e3 c6 7. Bd3 Ne4 8. Bxe7
Qxe7 9. Nge2 Nd7 10. Bxe4 dxe4 11. Ng3 Nf6 12. Qc2 O-O 13. Ngxe4 Bf5 14. Nxf6+
Qxf6 15. Qd2 Rfe8 16. O-O Rad8 17. f3 Qg5 18. Rfe1 Rd6 19. Qf2 Rg6 20. e4 Bh3
21. g3 h5 22. Kh1 1-0

[Event "40th World Junior Girls"]
[Site "Gandhinagar IND"]
[Date "2024.06.02"]
[Round "1.36"]
[White "Sneha Halder"]
[Black "Varshita Jain"]
[Result "1-0"]
[WhiteElo "1958"]
[BlackElo "1676"]
[WhiteFideId "25693263"]
[BlackFideId "25681907"]
[EventDate "2024.06.02"]

1. g3 d5 2. f4 c5 3. Bg2 Nf6 4. Nf3 e6 5. e3 Bd6 6. O-O Nc6 7. d4 O-O 8. c3 b6
9. Ne5 Bxe5 10. fxe5 Nd7 11. e4 cxd4 12. exd5 exd5 13. cxd4 Ndb8 14. Nc3 Be6 15.
Rf4 Ne7 16. Be3 Nbc6 17. Qh5 Ng6 18. Rf2 Qd7 19. Qf3 f6 20. exf6 Rxf6 21. Qh5
Rxf2 22. Bxf2 Rf8 23. Re1 Rf5 24. Qe2 Rf6 25. Qb5 Nge7 26. Nxd5 Nxd5 27. Rxe6
Nc7 28. Qxc6 Qxe6 29. Qxc7 Qf5 30. Qd8+ Kf7 31. Bd5+ Kg6 32. Qe8+ Kh6 33. Qe3+
g5 34. Be4 Qg4 35. d5 Rf7 1-0

[Event "40th World Junior Girls"]
[Site "Gandhinagar IND"]
[Date "2024.06.02"]
[Round "1.38"]
[White "Sherali Pattnaik"]
[Black "Disha U A"]
[Result "1-0"]
[WhiteElo "1955"]
[BlackElo "1660"]
[WhiteFideId "25789449"]
[BlackFideId "25915622"]
[EventDate "2024.06.02"]

1. e4 d6 2. d4 Nf6 3. Nc3 g6 4. Bg5 Bg7 5. Qd2 h6 6. Bh4 O-O 7. O-O-O c6 8. f3
Qc7 9. g4 Nbd7 10. g5 hxg5 11. Bxg5 b5 12. Nce2 Nb6 13. Ng3 Be6 14. Kb1 Nc4 15.
Bxc4 bxc4 16. h4 Rab8 17. c3 a5 18. Ka1 a4 19. h5 a3 20. bxa3 Qa5 21. N1e2 Qxa3
22. Rb1 Rb3 23. Bxf6 Bxf6 24. Qc2 Kg7 25. Rhg1 Ra8 26. hxg6 fxg6 27. Nh5+ Kf7
28. Nxf6 exf6 29. Qd2 d5 30. Rh1 Rab8 31. Rh7+ Kg8 32. Rbh1 Rb1+ 33. Rxb1 Rxb1+
34. Kxb1 Kxh7 35. Nf4 Bf7 36. e5 Qe7 37. Qe2 g5 38. Nh3 Bg6+ 39. Ka1 Qa3 40. Qd2
Qe7 41. exf6 Qxf6 42. Nxg5+ Kg7 43. Qe3 Bh5 44. f4 Qg6 45. Kb2 Bd1 46. Qe7+ Kg8
47. Qe6+ Kg7 48. Qxg6+ Kxg6 49. Ne6 Kf5 50. Nd8 Ba4 51. Ka3 Bb5 52. Kb4 Kxf4 53.
a4 Ba6 54. Nxc6 Ke4 55. a5 Kd3 56. Nb8 Bb7 57. a6 Ba8 58. Nd7 Kc2 59. a7 Bc6 60.
Nb6 Kd3 61. a8=Q Bxa8 62. Nxa8 1-0

[Event "40th World Junior Girls"]
[Site "Gandhinagar IND"]
[Date "2024.06.02"]
[Round "1.39"]
[White "Mishra Riya"]
[Black "Shubhi Gupta"]
[Result "0-1"]
[BlackTitle "WFM"]
[WhiteElo "1654"]
[BlackElo "1943"]
[WhiteFideId "35024868"]
[BlackFideId "25195425"]
[EventDate "2024.06.02"]

1. e4 e5 2. Nf3 Nc6 3. Bc4 Bc5 4. d3 d6 5. h3 h6 6. Nc3 Nf6 7. Be3 Bb6 8. Qd2
Be6 9. Bb3 Qd7 10. d4 exd4 11. Nxd4 Ba5 12. f3 a6 13. O-O-O Bxb3 14. Nxb3 O-O-O
15. Nxa5 Nxa5 16. b3 Nc6 17. Nd5 Qe6 18. Qc3 Nxd5 19. Rxd5 Ne7 20. Ra5 d5 21.
Bf4 Rd7 22. Rc5 c6 23. Rd1 Rhd8 24. Qa5 Qf6 0-1

[Event "40th World Junior Girls"]
[Site "Gandhinagar IND"]
[Date "2024.06.02"]
[Round "1.40"]
[White "Bhagyashree, Patil"]
[Black "Aashi Upadhyay"]
[Result "1-0"]
[WhiteTitle "WFM"]
[WhiteElo "1929"]
[BlackElo "1653"]
[WhiteFideId "25053256"]
[BlackFideId "25620789"]
[EventDate "2024.06.02"]

1. e4 c5 2. Nf3 Nc6 3. d4 cxd4 4. Nxd4 Nf6 5. Nc3 e6 6. Bc4 Bb4 7. O-O O-O 8.
Re1 Bxc3 9. bxc3 Nxd4 10. Qxd4 d5 11. exd5 exd5 12. Bd3 Be6 13. Bg5 Re8 14. Re3
h6 15. Bh4 Bd7 16. Rf3 Re6 17. Bf5 Rc6 18. Bxd7 Qxd7 19. Bxf6 Rxf6 20. Rxf6 gxf6
21. c4 Qa4 22. Qxd5 Qxc2 23. Re1 Qc3 24. Qe4 f5 25. Qe7 Rc8 26. h3 Rxc4 27. Re3
Qc1+ 28. Kh2 f4 29. Qe8+ Kg7 30. Re7 1-0

[Event "40th World Junior Girls"]
[Site "Gandhinagar IND"]
[Date "2024.06.02"]
[Round "1.41"]
[White "Falak Joni Naik"]
[Black "Khairmode Dhanashree"]
[Result "0-1"]
[WhiteElo "1653"]
[BlackElo "1929"]
[WhiteFideId "45069310"]
[BlackFideId "25762184"]
[EventDate "2024.06.02"]

1. d4 Nf6 2. Nf3 c5 3. e3 b6 4. Nbd2 Bb7 5. Bd3 g6 6. b3 Bg7 7. Bb2 O-O 8. O-O
d6 9. c4 e6 10. Qc2 Nbd7 11. Rad1 Qe7 12. Rfe1 Rac8 13. Bf1 Rfd8 14. g3 cxd4 15.
exd4 b5 16. Qd3 bxc4 17. Nxc4 Nb6 18. Nxb6 axb6 19. Bg2 Bd5 20. Rc1 Qb7 21. Nh4
Bh6 22. f4 b5 23. a3 Bg7 24. Bxd5 Nxd5 25. Ng2 h5 26. h3 b4 27. a4 Qb6 28. Kh2
Nf6 29. Ne3 d5 30. Ra1 Ne4 31. a5 Qd6 32. a6 h4 33. Ng2 hxg3+ 34. Kg1 Rc7 35.
Rec1 Ra7 36. Qb5 Rb8 37. Qc6 Qxc6 38. Rxc6 Nc3 39. Bxc3 bxc3 40. Rd1 Rxb3 41.
Ne3 Bh6 42. Rf1 Ra3 43. Kg2 R7xa6 44. Rc8+ Kh7 45. Kxg3 Bg7 46. Nc2 Rb3 47. Rf3
Ra4 48. Rc7 Rc4 49. Rxf7 Rb2 50. Rf2 Kg8 51. Re7 Bxd4 52. Re2 Bc5 53. R7xe6 d4
54. R6e4 Rb1 55. Ne1 Rd1 56. h4 Rd2 57. h5 gxh5 58. Kh4 c2 59. Nxc2 Rcxc2 60.
Rxd2 Rxd2 61. Re5 Bd6 62. Rd5 Bxf4 63. Kxh5 Be3 64. Kg6 Kf8 65. Kf5 Ke7 66. Ke4
Rh2 67. Rf5 Rh4+ 68. Kd3 Ke6 69. Rf8 Bg5 70. Rf3 Bf6 71. Kc4 Rh1 72. Kd3 Be5 73.
Kc4 Rc1+ 74. Kb5 Kd5 75. Kb4 Rb1+ 76. Ka3 Ke4 77. Rf7 d3 78. Ka2 Rb5 79. Rf1 d2
80. Rd1 Ke3 0-1

[Event "40th World Junior Girls"]
[Site "Gandhinagar IND"]
[Date "2024.06.02"]
[Round "1.42"]
[White "Ishvi, Aggarwal"]
[Black "Radhika Sharma"]
[Result "1-0"]
[WhiteTitle "WCM"]
[WhiteElo "1928"]
[BlackElo "1651"]
[WhiteFideId "25728890"]
[BlackFideId "33398666"]
[EventDate "2024.06.02"]

1. d4 Nf6 2. Bf4 e6 3. e3 d5 4. Nd2 Bd6 5. Bg3 O-O 6. Ngf3 c6 7. c4 Qe7 8. Bxd6
Qxd6 9. Ne5 Nbd7 10. f4 dxc4 11. Ndxc4 Qb4+ 12. Qd2 Qxd2+ 13. Kxd2 c5 14. dxc5
Nxc5 15. Be2 Nfe4+ 16. Kc2 f6 17. Nf3 Bd7 18. b4 Ba4+ 19. Kb2 Na6 20. a3 Rac8
21. Rac1 Nc7 22. Na5 Nd6 23. Bd1 Bxd1 24. Rhxd1 Nd5 25. e4 Rxc1 26. Kxc1 Rc8+
27. Kb2 Nxe4 28. Nxb7 Ne3 29. Rd8+ Rxd8 30. Nxd8 Nxg2 31. Nxe6 Nd6 32. a4 Kf7
33. Nfd4 Ne3 34. Kb3 g6 35. b5 Nd5 36. Nd8+ Ke8 37. N8c6 Nc8 38. a5 Kd7 39. f5
gxf5 40. Nxf5 Kc7 41. Kc4 Nf4 42. Nce7 Kd7 43. Nxc8 Kxc8 44. Ne7+ Kb7 45. Nd5
Nh5 46. a6+ Kb8 47. Kc5 f5 48. Kd4 Ng7 49. Ke5 Kc8 50. Kd6 Ne8+ 51. Kc6 Kb8 52.
b6 axb6 53. Kxb6 f4 54. a7+ Ka8 55. Ka6 1-0

[Event "40th World Junior Girls"]
[Site "Gandhinagar IND"]
[Date "2024.06.02"]
[Round "1.43"]
[White "Asudani Ruhani Raj"]
[Black "Dakshita Kumawat"]
[Result "0-1"]
[WhiteElo "1645"]
[BlackElo "1928"]
[WhiteFideId "25697463"]
[BlackFideId "25944304"]
[EventDate "2024.06.02"]

1. d4 d5 2. c4 e6 3. cxd5 exd5 4. Nc3 Nf6 5. Bg5 Bb4 6. e3 h6 7. Bh4 g5 8. Bg3
Ne4 9. Qc2 h5 10. Bd3 h4 11. Bxe4 hxg3 12. Bf5 Rxh2 13. O-O-O Rxh1 14. Bxc8 Qxc8
15. Nxd5 Bd6 16. Nf6+ Ke7 17. Nd5+ Kf8 18. fxg3 Nc6 19. Rf1 Qe6 20. e4 Nxd4 21.
Qc4 Be5 22. Kd2 c6 23. Qb4+ Kg7 24. Nc7 Bxc7 25. Qxd4+ Be5 26. Qf2 Rd8+ 27. Kc1
Bd4 28. Qf3 Qc4+ 29. Kb1 Qxf1+ 30. Qxf1 Rxg1 31. Qxg1 Bxg1 32. e5 c5 33. e6 fxe6
34. g4 e5 35. b4 e4 36. bxc5 e3 0-1

[Event "40th World Junior Girls"]
[Site "Gandhinagar IND"]
[Date "2024.06.02"]
[Round "1.44"]
[White "Arshiya Das"]
[Black "Prakash Vaishnavi"]
[Result "1-0"]
[WhiteTitle "WCM"]
[WhiteElo "1919"]
[BlackElo "1632"]
[WhiteFideId "25652150"]
[BlackFideId "46660445"]
[EventDate "2024.06.02"]

1. e4 e5 2. Nf3 Nc6 3. Bc4 Bc5 4. c3 Nf6 5. d4 exd4 6. b4 Bb6 7. e5 d5 8. exf6
dxc4 9. Qe2+ Be6 10. b5 Na5 11. cxd4 Bxd4 12. Nxd4 Qxd4 13. Bb2 Qd3 14. fxg7 Rg8
15. Bf6 c6 16. Nc3 Qg6 17. Ne4 Rxg7 18. Bxg7 Qxg7 19. O-O O-O-O 20. Qe3 Rg8 21.
g3 b6 22. Rad1 Bd5 23. Nc3 Be6 24. Rd6 Qf8 25. Rfd1 Bd5 26. Nxd5 cxd5 27. R6xd5
Qb4 28. Rd7 Qc5 29. R1d5 1-0

[Event "40th World Junior Girls"]
[Site "Gandhinagar IND"]
[Date "2024.06.02"]
[Round "1.45"]
[White "Durga Karthika Lellapalli"]
[Black "Singgih, Diajeng Theresa"]
[Result "0-1"]
[BlackTitle "WIM"]
[WhiteElo "1631"]
[BlackElo "1918"]
[WhiteFideId "25130889"]
[BlackFideId "7104391"]
[EventDate "2024.06.02"]

1. e4 e5 2. Nf3 Nc6 3. d4 exd4 4. Nxd4 Bc5 5. Be3 Bb6 6. Nc3 Nge7 7. Qd2 O-O 8.
O-O-O d6 9. f4 Kh8 10. Nxc6 Nxc6 11. h4 f5 12. h5 h6 13. Bd3 Ne7 14. Bxb6 axb6
15. exf5 d5 16. g4 d4 17. Bc4 c5 18. Nb5 Bd7 19. Kb1 Bc6 20. Rhg1 Nd5 21. g5 Ne3
22. gxh6 gxh6 23. Qe2 Bd5 24. Bb3 Bxb3 25. axb3 Nxd1 26. Qe5+ Qf6 27. Qc7 Rf7
28. Qd6 Ne3 29. Rg6 Qxd6 30. Nxd6 Rh7 31. f6 Rf8 32. Ne4 Nd5 33. Kc1 Nxf4 0-1

[Event "40th World Junior Girls"]
[Site "Gandhinagar IND"]
[Date "2024.06.02"]
[Round "1.46"]
[White "Gasparyan, Milena"]
[Black "Aditri Shome"]
[Result "1/2-1/2"]
[WhiteElo "1909"]
[BlackElo "1620"]
[WhiteFideId "13311670"]
[BlackFideId "25164198"]
[EventDate "2024.06.02"]

1. e4 c6 2. d4 d5 3. Nc3 dxe4 4. Nxe4 Bf5 5. Ng3 Bg6 6. h4 h6 7. Nf3 Nd7 8. h5
Bh7 9. Bd3 Bxd3 10. Qxd3 e6 11. Bd2 Qc7 12. O-O-O O-O-O 13. c4 Ngf6 14. Bc3 Bd6
15. Ne4 Nxe4 16. Qxe4 Nf6 17. Qe2 c5 18. Kb1 Rhe8 19. dxc5 Bxc5 20. Ne5 Rxd1+
21. Rxd1 Rd8 22. Rxd8+ Kxd8 23. g4 Ke8 24. f4 Kf8 25. a3 Nd7 26. g5 Nxe5 27.
Bxe5 Bd6 28. gxh6 gxh6 29. Ka1 Bxe5 30. fxe5 Qc6 31. Ka2 Ke7 32. Qg4 Qc5 33. Qe4
b6 34. Qf4 a6 1/2-1/2

[Event "40th World Junior Girls"]
[Site "Gandhinagar IND"]
[Date "2024.06.02"]
[Round "1.47"]
[White "Pranavasri S"]
[Black "Marium, Fatima"]
[Result "0-1"]
[WhiteElo "1610"]
[BlackElo "1905"]
[WhiteFideId "33406758"]
[BlackFideId "45073058"]
[EventDate "2024.06.02"]

1. e4 e6 2. d4 d5 3. e5 c5 4. c3 Nc6 5. Nf3 Qb6 6. Be2 Bd7 7. O-O Nh6 8. Na3
cxd4 9. cxd4 Nf5 10. Nc2 Rc8 11. a3 Na5 12. Ne3 Nb3 13. Rb1 Nfxd4 14. Nxd4 Nxd4
15. Bd3 Qb3 16. h3 Qxd1 17. Nxd1 Bc5 18. Be3 O-O 19. Nc3 Nb3 20. Bxc5 Rxc5 21.
Rfd1 d4 22. Ne2 Rxe5 23. Bc4 Na5 24. f4 Re3 25. Bd3 Ba4 26. Nxd4 Bxd1 27. Rxd1
Rd8 28. Kf2 Rxd3 29. Rxd3 Nc6 30. Ke3 Nxd4 31. Rxd4 Rxd4 32. Kxd4 Kf8 33. Kc5
Ke7 34. a4 Kd7 35. a5 f6 36. g4 Kc7 37. h4 b6+ 38. axb6+ axb6+ 39. Kd4 Kd6 40.
g5 e5+ 41. Ke4 Ke6 42. f5+ Kd6 43. b3 Kc5 44. h5 h6 45. g6 b5 46. Kd3 Kd5 47.
Ke3 e4 48. b4 Ke5 49. Ke2 Kxf5 0-1

[Event "40th World Junior Girls"]
[Site "Gandhinagar IND"]
[Date "2024.06.02"]
[Round "1.48"]
[White "Bristy, Mukherjee"]
[Black "Cumacenko, Saule"]
[Result "1-0"]
[WhiteTitle "WFM"]
[WhiteElo "1902"]
[BlackElo "1595"]
[WhiteFideId "25077325"]
[BlackFideId "12835560"]
[EventDate "2024.06.02"]

1. d4 d5 2. c3 Bf5 3. Nf3 Nf6 4. Nh4 Bd7 5. Qb3 b6 6. Bg5 e6 7. Nf3 Bc6 8. Ne5
Bb7 9. a4 h6 10. Bh4 Be7 11. a5 Nfd7 12. Bg3 O-O 13. Nf3 c5 14. e3 c4 15. Qa2 b5
16. Nbd2 a6 17. Be2 b4 18. O-O b3 19. Qb1 Nc6 20. e4 Nxa5 21. exd5 exd5 22. Qf5
Nf6 23. Ne5 Nc6 24. Qf3 Qb6 25. Bf4 Nxe5 26. dxe5 Ne4 27. Nxe4 dxe4 28. Qg3 Rac8
29. Rfe1 f6 30. Bxh6 Rf7 31. Be3 Bc5 32. Bxc4 Rf8 33. exf6 Kh7 34. Qh4+ Kg8 35.
Qg5 Kh8 36. Bxc5 Qc6 37. Qh5+ Kg8 38. Qg6 Kh8 39. Bxf7 Rxf7 40. Qxf7 gxf6 41.
Bd4 1-0

[Event "40th World Junior Girls"]
[Site "Gandhinagar IND"]
[Date "2024.06.02"]
[Round "1.50"]
[White "Kanishka S"]
[Black "Banker Reya"]
[Result "1-0"]
[WhiteElo "1882"]
[BlackElo "1421"]
[WhiteFideId "25731564"]
[BlackFideId "25146491"]
[EventDate "2024.06.02"]

1. c4 Nf6 2. Nc3 g6 3. g3 Bg7 4. Bg2 O-O 5. Nf3 d6 6. O-O c5 7. d4 Nc6 8. d5 Na5
9. Nd2 e6 10. e4 Rb8 11. Qc2 a6 12. b3 b5 13. Bb2 exd5 14. cxd5 Bg4 15. h3 b4
16. Nd1 Be2 17. Re1 Bb5 18. Ne3 Re8 19. Rac1 Nd7 20. Bxg7 Kxg7 21. f4 Nb6 22. e5
dxe5 23. Qxc5 exf4 24. gxf4 Rc8 25. Qxb4 Kg8 26. Qd4 Nc6 27. Qb2 Nb4 28. Ng4
Rxe1+ 29. Rxe1 Qh4 30. Nf3 Qg3 31. Nh6+ Kf8 32. Qh8# 1-0